Vector measures /

Guardado en:
Autor Principal: Dinculeanu, N.
Formato: Libro
Idioma:English
Publicado: Oxford : Pergamon Press, 1967.
Series:International series of monographs in pure and applied mathematics ; v. 95
Materias:
Etiquetas: Agregar Etiqueta
Sin Etiquetas, Sea el primero en etiquetar este registro!
LEADER 00736cam a22002295a 4500
001 MAT.inmabb005209
008 700729s1967####enk######b####001#0#eng##
005 20130221170355.0
245 1 0 |a Vector measures /  |c by N. Dinculeanu. 
260 |a Oxford :  |b Pergamon Press,  |c 1967. 
300 |a x, 435 p. ;  |c 24 cm. 
490 1 |a International series of monographs in pure and applied mathematics ;  |v v. 95 
504 |a Bibliografía: p. [417]-425. 
510 4 |a MR,  |c 34 #6011b 
100 1 |a Dinculeanu, N.  |q (Nicolae) 
650 0 |a Measure theory. 
650 0 |a Banach spaces. 
650 0 |a Integrals, Generalized. 
084 |a 28B05 (46G10)  |2 msc2000 
010 |a  68006701  
040 |a DLC  |c DLC  |d DLC 
859 |h 28  |i D583  |p A-2745  |b BIB. MATEMATICA